00160nam a2200061Ia 4500008004100000100002100041245003600062120527s9999 xx 000 0 und d aBerger & Brodile aAmerican Handbook of psychiatry